| 000 | 00389nam a22001457a 4500 | ||
|---|---|---|---|
| 999 |
_c10494 _d10494 |
||
| 003 | GBCCL | ||
| 005 | 20241126110733.0 | ||
| 008 | 240823b ||||| |||| 00| 0 eng d | ||
| 040 | _cgbc | ||
| 082 |
_aSOU DAR _b2010 |
||
| 245 |
_aDarkness to light : _bSouthern Manipur gospel centenary 1910-2010 |
||
| 260 |
_aManipur : _bCelebration commt. _c2010 |
||
| 300 | _a98p. ; | ||
| 942 |
_2ddc _cARCH |
||